La noche de los lápices

Película basada en La Noche de los Lápices (libro y obra teatral) de María Seoane y Héctor Ruiz Núñez. En septiembre de 1976, durante los primeros meses de la dictadura militar argentina, siete adolescentes de la ciudad de La Plata son secuestrados, torturados y asesinados a raíz de sus protestas po...

Descripción completa

Guardado en:
Autor Principal: Olivera, Héctor.
Autor Corporativo: Aries Cinematográfica Argentina.
Otros Autores: Ayala, Fernando; Produccción., Kon, Daniel; Guion., Olivera, Héctor; Guion., García Pintos, Alejo; Reparto., Monje, Pepe; Reparto., Escardó, Vita; Reparto., Novak, Pablo; Reparto., Sbaraglia, Leonardo; Reparto., Salonia, Adriana; Reparto., Serrano, Tina; Reparto.
Formato: Deslizar
Idioma:Undetermined
Publicado: Argentina : Aries Cinematográfica Argentina, 1986.
Materias:
Etiquetas: Agregar Etiqueta
Sin Etiquetas, Sea el primero en etiquetar este registro!
LEADER 01601ngm a22003375a 4500
001 CEM.cems020115
008 230517s1986####xx#---############vlund#d
005 20230517204107.0
245 1 0 |a La noche de los lápices  |h [videograbación] /  |c Héctor Olivera. 
260 |a Argentina :  |b Aries Cinematográfica Argentina,  |c 1986. 
300 |a 106'. 
520 |a Película basada en La Noche de los Lápices (libro y obra teatral) de María Seoane y Héctor Ruiz Núñez. En septiembre de 1976, durante los primeros meses de la dictadura militar argentina, siete adolescentes de la ciudad de La Plata son secuestrados, torturados y asesinados a raíz de sus protestas por el aumento del boleto estudiantil. El film relata estos sucesos desde la voz y presencia de uno de los supervivientes. 
538 |a Soporte: DVD -- Formato: DVD – Peso: 4.36gb -- Resolución: 720 x 480 -- 29.97fps 
590 |a Identificación anterior: 37 
100 1 |a Olivera, Héctor. 
700 1 |a Ayala, Fernando; Produccción. 
700 1 |a Kon, Daniel; Guion. 
700 1 |a Olivera, Héctor; Guion. 
700 1 |a García Pintos, Alejo; Reparto. 
700 1 |a Monje, Pepe; Reparto. 
700 1 |a Escardó, Vita; Reparto. 
700 1 |a Novak, Pablo; Reparto. 
700 1 |a Sbaraglia, Leonardo; Reparto. 
700 1 |a Salonia, Adriana; Reparto. 
700 1 |a Serrano, Tina; Reparto. 
710 2 |a Aries Cinematográfica Argentina. 
653 |a LARGOMETRAJE 
653 |a HISTÓRICA 
653 |a ARGENTINA 
653 |a DICTADURA 
859 |a CEMS  |b BIB. CEMS - Depto. Recursos Didacticos  |h 778.5  |i OLI-1  |k DRD  |p 2995.23  |t Ej.1